Kashmir in conflict : (Record no. 69424)

000 -LEADER
fixed length control field 01098mam a2200337 a 4500
001 - CONTROL NUMBER
control field 3432700
003 - CONTROL NUMBER IDENTIFIER
control field NUST - PNEC
005 - DATE AND TIME OF LATEST TRANSACTION
control field 20170116181118.0
008 - FIXED-LENGTH DATA ELEMENTS--GENERAL INFORMATION
fixed length control field 021021r20032000enkb b 001 0 eng
015 ## - NATIONAL BIBLIOGRAPHY NUMBER
National bibliography number GBA2-U1491
020 ## - INTERNATIONAL STANDARD BOOK NUMBER
International Standard Book Number 1860648983
035 ## - SYSTEM CONTROL NUMBER
System control number (OCoLC)ocm50937669
035 ## - SYSTEM CONTROL NUMBER
System control number (NNC)3432700
040 ## - CATALOGING SOURCE
Original cataloging agency UKM
Transcribing agency LIBRARY
Modifying agency TKN
-- C#P
050 #4 - LIBRARY OF CONGRESS CALL NUMBER
Classification number DS485.K25
Item number S38 2003
082 04 - DEWEY DECIMAL CLASSIFICATION NUMBER
Classification number 954.6 SCH
Edition number 21
100 1# - MAIN ENTRY--PERSONAL NAME
Personal name Schofield, Victoria.
245 10 - TITLE STATEMENT
Title Kashmir in conflict :
Remainder of title India, Pakistan and the unending war /
Statement of responsibility, etc. Victoria Schofield.
250 ## - EDITION STATEMENT
Edition statement New ed.
260 ## - PUBLICATION, DISTRIBUTION, ETC.
Place of publication, distribution, etc. London ;
-- New York :
Name of publisher, distributor, etc. I.B. Tauris,
Date of publication, distribution, etc. 2003.
300 ## - PHYSICAL DESCRIPTION
Extent xvi, 297 p. :
Other physical details maps ;
Dimensions 24 cm.
500 ## - GENERAL NOTE
General note Originally published: 2000.
504 ## - BIBLIOGRAPHY, ETC. NOTE
Bibliography, etc. note Includes bibliographical references (p. 277-286) and index.
650 ## - SUBJECT ADDED ENTRY--TOPICAL TERM
General subdivision General book
651 #0 - SUBJECT ADDED ENTRY--GEOGRAPHIC NAME
Geographic name India
General subdivision Foreign relations
Geographic subdivision Pakistan.
651 #0 - SUBJECT ADDED ENTRY--GEOGRAPHIC NAME
Geographic name Jammu and Kashmir (India)
General subdivision History
Chronological subdivision 19th century.
651 #0 - SUBJECT ADDED ENTRY--GEOGRAPHIC NAME
Geographic name Jammu and Kashmir (India)
General subdivision History
Chronological subdivision 20th century.
651 #0 - SUBJECT ADDED ENTRY--GEOGRAPHIC NAME
Geographic name Pakistan
General subdivision Foreign relations
Geographic subdivision India.
942 ## - ADDED ENTRY ELEMENTS (KOHA)
Source of classification or shelving scheme
Koha item type Book
Holdings
Withdrawn status Lost status Source of classification or shelving scheme Damaged status Not for loan Permanent Location Current Location Shelving location Date acquired Total Checkouts Full call number Barcode Date last seen Price effective from Koha item type
          Pakistan Navy Engineering College (PNEC) Pakistan Navy Engineering College (PNEC)       954.6 SCH PNECLIB-027048 10/04/2015   Book
© 2023 Central Library, National University of Sciences and Technology. All Rights Reserved.